00612nam a22002057a 450000500170000001000430001702000260006003500130008603500170009903500130011603700210012903700130015008200080016310000200017124500590019125000110025026000390026127000600030030000460036020170712113337.0 a1516EN07 ENG-114505 a9789332543591c395.00 aEN-98037 aB-614916-943 aB-668004 aDPLbTechniz/Ven bDBAD/PUB a657 aDhamija, Sanjay aFinancial accounting for managers /cby Sanjay Dhamija a2nd ed aNew DelhibPearson Educationc2015 a11 Community Center, Panchsheel ParkbNew Delhie110017 aviii,452p. c24cm(pbk)